Текст томруулах:    
The rise of the phoenix (Бичлэгийн дугаар. 146809)
000 -УДИРДЛАГА
Удирдлага 00685nam a22002417a 4500
003 - ХЯНАЛТЫН ТОО ТОДОРХОЙЛОГЧ
Код MN-UlNUM
005 - БИЧИЛТ ХИЙСЭН ОГНОО
Тухайн бичилтийг бичсэн засварласан сүүлийн огноо 20260401151843.0
008 - ЕРӨНХИЙ МЭДЭЭЛЭЛ
Ерөнхий мэдээлэл 260401s1987 cou b 001 0 eng
020 ## - ISBN
ISBN 0813375118
040 ## - БИЧЛЭГ ҮҮСГЭГЧ БАЙГУУЛЛАГА
Бичлэг үүсгэгч номын сангийн код МУИС-ийн номын сан
084 ## - ББК АНГИЛАЛ
Нэмэлт тусгалт Нэг сэдэвт бүтээл
ББК ангилал 65.5
Зохиогчийн гурван тэмдэгт B 45
Мэдлэгийн ялгаа 65 - Эдийн засаг
100 ## - ЗОХИОГЧ
Зохиогчийн нэр Behrman, Jack N
245 ## - ҮНДСЭН ГАРЧИГ
Номын нэр The rise of the phoenix
Бага гарчгийн мэдээ The United States in a restructured world economy
260 ## - ГАРАЛТЫН МЭДЭЭ
Хэвлэгдсэн газар Boulder
Хэвлэлийн газар Westview Press
Хэвлэгдсэн он 1987
300 ## - МАТЕРИАЛЫН ТОДОРХОЙЛОЛТ
хуудасны тоо xiii, 104 p. ;
Хэмжээ 23 cm
500 ## - Тайлбар
Дансны дугаар БС 4434
546 ## - ХЭЛНИЙ ТУХАЙ МЭДЭЭ
Хэл Англи хэл дээр,
653 ## - Түлхүүр үг
Түлхүүр үг economic history
653 ## - Түлхүүр үг
Түлхүүр үг economic
942 ## - ЭЛЕМЕНТИЙН ТӨРӨЛ
Зүйлийн төрөл Ном